00374nam a2200109Ia 4500008004100000245010900041260003800150300001100188650001700199980003100216999001700247151021s9999 xx 000 0 und d a_Kenya Gazette Supplemnet acts 2007 the the occupational safety and health act 2007 Government printers  aNairobi Government printers 2007  a766p.  a_Health act  a^d20140130 03:04:41^okorir c14747d14747